|
|
|
|
| LEADER |
01433nam a2200373 a 4500 |
| 001 |
000448694 |
| 003 |
CZ BrMZK |
| 005 |
20210105153909.0 |
| 007 |
ta |
| 008 |
990615s1999 xr e p 0 cze d |
| 015 |
|
|
|a cnb000771146
|
| 020 |
|
|
|a 80-7044-248-4
|
| 035 |
|
|
|a (OCoLC)84982195
|
| 040 |
|
|
|a BOA001
|b cze
|
| 072 |
|
7 |
|a 620.1/.2
|x Nauka o materiálu
|2 Konspekt
|9 19
|
| 072 |
|
7 |
|a 37.016
|x Učební osnovy. Vyučovací předměty. Učebnice
|2 Konspekt
|9 22
|
| 080 |
|
|
|a 620.2
|2 MRF
|
| 080 |
|
|
|a 620.1
|2 MRF
|
| 080 |
|
|
|a (076.5)
|2 MRF
|
| 080 |
|
|
|a (075.8)
|2 MRF
|
| 100 |
1 |
|
|a Holešovský, František,
|d 1950-
|7 xx0031620
|4 aut
|
| 245 |
1 |
0 |
|a Technické materiály I :
|b laboratorní cvičení /
|c František Holešovský
|
| 250 |
|
|
|a Vyd. 1.
|
| 260 |
|
|
|a Ústí nad Labem :
|b Univerzita J.E. Purkyně,
|c 1999
|
| 300 |
|
|
|a 35 s. :
|b il. ;
|c 21 cm
|
| 500 |
|
|
|a Určeno pro bakalářská studia stud. oborů Strojírenství. - Bibliogr.
|
| 650 |
0 |
7 |
|a zkoušení materiálů
|7 ph116776
|2 czenas
|
| 650 |
0 |
7 |
|a technické materiály
|7 ph116409
|2 czenas
|
| 655 |
|
7 |
|a praktická cvičení
|7 fd133118
|2 czenas
|
| 655 |
|
7 |
|a učebnice vysokých škol
|7 fd133772
|2 czenas
|
| 710 |
2 |
|
|a Univerzita J.E. Purkyně v Ústí nad Labem.
|b Ústav techniky a řízení výroby
|7 kn20010709361
|
| 910 |
|
|
|a BOA001
|b 2-1065.466
|
| 990 |
|
|
|a BK
|
| 996 |
6 |
|
|b 2610104412
|c 2-1065.466
|l MZK
|r Sklad / do 1 hodiny
|n 1
|p p.v.
|w 000448694
|u 000010
|a 1
|e BOA001
|j MZK50
|s P
|